| 000 | 00459nam a22001697a 4500 | ||
|---|---|---|---|
| 005 | 20150609045800.0 | ||
| 008 | 150609b xxu||||| |||| 00| 0 eng d | ||
| 041 | 0 | _aeng | |
| 080 | _a93/99 | ||
| 100 | _aMalcolm, Andrew H., | ||
| 245 |
_aThe Canadians / _cAndrew H. Malcolm. |
||
| 260 |
_aNew York, N.Y. : _bTimes Books, _cc1985. |
||
| 300 |
_axiii, 385 f. _bme il.; _c24 cm. |
||
| 650 | 0 | _2Historia Kanadeze | |
| 700 | 1 | _aAndrew H. Malcolm. | |
| 942 |
_2udc _cBK |
||
| 999 |
_c1010 _d1010 |
||